MDQL
is popping MORE tags! Check the
thread
!
Quizzes
Events
Quiz Creation
Community
Videos
Private Events
Remove Ads
Sign In
Join for FREE
Feedback
Dark Mode
Quiz Categories
Sports
Geography
Music
Movies
Television
Just For Fun
Miscellaneous
History
Literature
Language
Science
Gaming
Entertainment
Religion
Holiday
For Kids
Quiz Lab
Recent
Popular Today
Quiz Kudos Today
Editor Picks
Curator Picks
Quizzes by...
Day
Popularity
Type
Ratings
Length
Year
Community
Subscriptions
Recent Discussions
Orange Saloon
Badges
Playlists
Quests
Create
Leaderboards
Showdown
Live 5
Trivia Bingo
Activity
Puzzle Library
Sporcle Events
Private Events
Virtual Trivia
Globe League
Become a Host
Pub Owners
SporcleCon
Opinionation
Our Games
Videos
Blog
Mobile Apps
Partnerships
Remove Ads and Go Orange
Feedback
Geography
Country
Landmarks
City
State
Population
World
Capital
Continent
Flags
Europe
Africa
Asia
South America
North America
Oceania
Border
Canada
United Kingdom
Topography
United States
Geography
Country
Landmarks
City
State
Population
World
Capital
Continent
Flags
Europe
Africa
Asia
South America
North America
Oceania
Border
Canada
United Kingdom
Topography
United States
Random Quiz
Search Sporcle
×
Quiz Lab
Quiz Lab
Geography
World
Type in answers that appear in a list
Type in answers that appear in a list
Classic
Best Score? Go Orange.
High in 80 capitals Stats
Can you name the 80 capitals highest in altitude?
By
WillemdeS
8m
80 Questions
93 Plays
93 Plays
93 Plays
Comments
Comments
Give Quiz Kudos
Give Quiz Kudos
-
- Ratings
hide this ad
More Info
Minefield
Wrong answers will end the quiz
Wrong answers will end the quiz
Wrong Answers
Some wrong answers will appear in red
Some wrong answers will appear in red
Replay
Link that replays current quiz
Next Quiz
Link to next quiz in quiz playlist
You Got
0%
They Got
Avg Score
49%
Avg Friend Score
Upgrade to see
Score Distribution
Jump to the score distribution portion of the page
Score
0/80
Timer
08:00
0
Plays Today
Hint
Answer
% Correct
???
80.6%
???
80.6%
???
80.6%
???
78.5%
???
74.2%
???
69.9%
???
69.9%
???
68.8%
???
68.8%
???
66.7%
???
66.7%
???
64.5%
???
64.5%
???
63.4%
???
63.4%
???
63.4%
???
62.4%
???
62.4%
???
60.2%
???
60.2%
???
59.1%
???
59.1%
???
58.1%
???
58.1%
???
57%
???
55.9%
???
55.9%
???
55.9%
???
54.8%
???
54.8%
???
53.8%
???
52.7%
???
52.7%
???
52.7%
???
52.7%
???
50.5%
???
50.5%
???
49.5%
???
49.5%
???
48.4%
Hint
Answer
% Correct
???
48.4%
???
47.3%
???
47.3%
???
47.3%
???
47.3%
???
46.2%
???
46.2%
???
46.2%
???
45.2%
???
45.2%
???
44.1%
???
44.1%
???
44.1%
???
43%
???
43%
???
43%
???
43%
???
40.9%
???
39.8%
???
39.8%
???
39.8%
???
39.8%
???
39.8%
???
37.6%
???
37.6%
???
36.6%
???
36.6%
???
34.4%
???
34.4%
???
34.4%
???
31.2%
???
31.2%
???
29%
???
29%
???
28%
???
24.7%
???
21.5%
???
7.5%
???
6.5%
???
6.5%
Quiz Playlist
Details
Report
Send in Message
Add To Playlist
More Info:
Simply name the capitals that are highest in altitude.
Classic:
Type in answers that appear in a list
Minefield:
Wrong answers will end the quiz
Wrong Answers:
Some wrong answers will appear in red
Quiz Source
Last Updated: Jun 29, 2017
Quiz Scoreboard
CHALLENGE
Sign Up to Join the Scoreboard
Show All
Scores
Hide
Comments
May contain spoilers
Recently Published
1-10 Letter E Words III
by El_Dandy
Language
2m
Street Fighter Characters
by Artimus82
Gaming
60s
College Basketball Coaching Resumes
by pancakes188
Sports
9m
More to Explore
Quiz From the Vault
Featured Blog Post
Where Did the Easter Bunny Come From?
hide this ad
You Might Also Like...
Tags
Capital Quiz
World Quiz
altitude
Eighty
High-elevation
National Capitals
Today's Top Quizzes in Geography
Browse Geography
hide this ad
Today's Top Quizzes in World
Browse World
Top Contributed Quizzes in Geography
1
Countries of the World - No Outlines Minefield
2
Top 25 Cities of France on a map
3
Any capital of a 'B' country per Continent
4
Any capital of a 'C' country per Continent
5
Closest Countries to UK A-Z
6
Any capital of a 'D' country per Continent
7
5-to-1: US Geography No Hints
8
Any capital of an 'E' country per Continent
9
Find the US States - No Outlines
10
Any capital of an 'F' country per Continent
Explore More
Trending Topics
Marvel
Crossword
Harry Potter
NBA
Disney
Anime
Kpop
Pokémon
Puzzle
NFL
Country
WWE
Song
The Office
Soccer
hide this ad
More By:
WillemdeS
Quiz
Plays
Rating
Category
Featured
Created
Pick a Swede
56,585
3.91
Entertainment
Nov 29, 2013
Highest risk of terrorism 2015
861
4.44
Geography
Sep 29, 2013
Languages studied in Finland
666
4.88
Geography
Jun 29, 2013
Most visited cities (2013)
589
4.71
Geography
Jun 28, 2013
Animals: True or false?
542
4.00
Science
Oct 31, 2015
Go to Creator's Profile
Score Distribution
Quiz Creator Spotlight
WillemdeS
Follow
Send a Message
Quizzes Created
-
Created Quiz Play Count
-
More By This Creator
Popular Quizzes Today
1
Find the US States - No Outlines Minefield
2
Find the Countries of Europe - No Outlines Minefield
3
The Countries of the World
4
Find the US States
5
Risky Map Clicking: Biggest States A-Z
6
US States
7
Popular People in 1961
8
Movies - When Are They Set?
More Geography Quizzes
20 größte Städte in Saarland
Quiz Lab
Trending Quizzes
Risky Map Clicking: Least Populous States A-Z
Billboard Blitz: Aretha Franklin
Famous Russians: Author or Composer?
1-10 Letter G Words
Countries of the World: 200 Million BC
Recently Updated
Leaping Animals
pecheneg
Reality TV Shows (A-Z)
bhenderson79
Rickey Henderson's Hall of Fame Teammates
pecheneg
Champions League XIs: Arsenal
pecheneg
Quick Pick: Celebrities in WWE's Hall of Fame
aduchscher
A-Z Keypad Blitz II
pecheneg
Multiple Oscar Actors
pecheneg
Mystery Phrase Blitz: Oscar 'Best Actors'
pecheneg
F. Scott Fitzgerald Novels
LTH
Pick 3 Villains
ddd62291
Trending Topics
Harry Potter
Disney
Anime
NBA
Kpop
Crossword
Marvel
WWE
The Office
Country
Song
Soccer
NFL
Pokémon
Puzzle
Your Account Isn't Verified!
In order to create a playlist on Sporcle, you need to verify the email address you used during registration. Go to your
Sporcle Settings
to finish the process.
Report this User
Report this user for behavior that violates our
Community Guidelines
.
Details:
Send Report
Go to the Sporcle.com Mobile Site →
Comments